polskie parki narodowe - Statystyki

Ogólne statystyki
  • Ten quiz został rozwiązany 465 razy
  • Średni wynik to 17 z 23
Odpowiedzi na mapie
Odpowiedzi zakodowano w zielono-czerwonej skali na mapie do tego quizu, zgodnie z poniższymi procentami.
 
Statystyki odpowiedzi
Odpowiedź % Poprawnych
Wielkopolski
91%
Tatrzański
89%
Bieszczadzki
86%
Park Narodowy Gór Stołowych
85%
Świętokrzyski
84%
Słowiński
81%
Babiogórski
80%
Karkonoski
80%
Białowieski
77%
Kampinowski
76%
Biebrzański
74%
Ojcowski
74%
Woliński
74%
Drawieński
72%
Park Narodowy Ujście Warty
72%
Wigierski
71%
Park Narodowy Bory Tucholskie
70%
Roztoczański
70%
Narwiański
66%
Poleski
66%
Pieniński
65%
Gorczański
61%
Magurski
58%
Nie znaleziono quizów pasujących do podanych kryteriów
Rozkład punktacji
Procent ludzi z każdym wynikiem
Percentyl według liczby udzielonych odpowiedzi
Twoja historia wyników
Nie rozwiązałeś tego quizu